CRM rendszerek

Bibliographic Details
Main Author: Szántai Anita
Other Authors: Sipos Dr. Marianna
Format: Thesis
Kulcsszavak:CRM
digitális
ügyfélkapcsolat
Online Access:http://dolgozattar.uni-bge.hu/9787

MARC

LEADER 00000nta a2200000 i 4500
001 dolg9787
005 20161219182631.0
008 161219suuuu hu om 000 hun d
040 |a BGE Dolgozattár Repozitórium  |b hun 
041 |a hu 
100 1 |a Szántai Anita 
245 1 0 |a CRM rendszerek  |c Szántai Anita  |h [elektronikus dokumentum] 
695 |a CRM 
695 |a digitális 
695 |a ügyfélkapcsolat  
700 1 |a Sipos Dr. Marianna  |e ths 
856 4 0 |u http://dolgozattar.uni-bge.hu/9787/1/Sz%C3%A1ntai%20Anita%20-%20CRM%20rendszerek.pdf  |z Dokumentum-elérés 
856 4 0 |u http://dolgozattar.uni-bge.hu/9787/2/Sz%C3%A1ntai%20Anita%20Nyilatkozat.pdf  |z Dokumentum-elérés